Central Library OPAC University of Rajshahi

How States are governed : (Record no. 26786)

MARC details
000 -LEADER
fixed length control field 00693nam a2200217 a 4500
001 - CONTROL NUMBER
control field 26786
003 - CONTROL NUMBER IDENTIFIER
rucl marc code BD-RjUL
005 - DATE AND TIME OF LATEST TRANSACTION
control field 20211209051052.0
008 - FIXED-LENGTH DATA ELEMENTS--GENERAL INFORMATION
fixed length control field 160829s1962 ii 000 0 eng d
035 ## - SYSTEM CONTROL NUMBER
System control number (BD-RjUL)26857
040 ## - CATALOGING SOURCE
Original cataloging agency DLC
Transcribing agency CarP
Modifying agency DLC
-- BD-RjUL
Language of cataloging eng
041 ## - LANGUAGE CODE
Language code of text/sound track or separate title eng
082 00 - DEWEY DECIMAL CLASSIFICATION NUMBER
Classification number 342
Author mark and year DAH 1962
Edition number 23
100 1# - MAIN ENTRY--PERSONAL NAME
Personal name Dass, Wishan.
9 (RLIN) 82322
245 10 - TITLE STATEMENT
Title How States are governed :
Remainder of title for degree students: Governments of Britain, United States, Switzerland, Canada, Soviet Union /
Statement of responsibility, etc. Wishan Dass
260 ## - PUBLICATION, DISTRIBUTION, ETC. (IMPRINT)
Place of publication, distribution, etc. Delhi :
Name of publisher, distributor, etc. S. Chand,
Date of publication, distribution, etc. 1962
300 ## - PHYSICAL DESCRIPTION
Pagination 225 p. ;
Size 22 cm.
650 #0 - SUBJECT ADDED ENTRY--TOPICAL TERM
Topical term or geographic name as entry element Comparative government
9 (RLIN) 82323
700 1# - ADDED ENTRY--PERSONAL NAME
Personal name Narula, T. S.
Relator term joint author.
942 ## - ADDED ENTRY ELEMENTS (KOHA)
Source of classification or shelving scheme Dewey Decimal Classification
Koha item type Books
Holdings
Lost status Source of classification or shelving scheme Damaged status Not for loan Collection code Permanent Location Current Location Shelving location Date acquired Source of acquisition Cost, normal purchase price Total Checkouts Full call number Date last seen Copy number Koha item type
  Dewey Decimal Classification     Non-fiction Central Library, University of Rajshahi Central Library, University of Rajshahi   18/05/1967 University Agency 5.00   342 DAH 1962 23/03/2014 C-2 Books
  Dewey Decimal Classification     Non-fiction Central Library, University of Rajshahi Central Library, University of Rajshahi   22/05/1967 Grenicl Agencies 5.00   342 DAH 1962 29/08/2016 C-3 Books